000 01137naa a22003257a 4500
001 BR9400719
003 BR-BrBNA
005 20240918180942.0
007 ta
008 230509b bl.||||| |||| 00| 0 por d
040 _aBR-BrBNA
_bpor
_cBiblioteca Nacional de Agricultura
041 _a(Pt)
072 _aF03; F62
_b1122
090 _aF03 BR9400719
100 1 _aLuna, J.V.U.
100 1 _aCaldas, R.C.
111 1 _a5. Congresso Brasileiro de Fruticultura
_cPelotas, RS (Brazil)
_d7-14 Jan. 1979
245 1 _aGerminacao de sementes de mamao (Carica papaya, L.)em varios estadios da maturacao
260 3 _aPelotas, RS (Brasil):
_c1979.
500 _aAnais do 5. Congresso Brasileiro de Fruticultura, v. 2 Pelotas, RS (Brasil): 1979. 693-697 p. (BR9400719-AM)F03
650 _aMamao
650 _aGerminacao
650 _aSemente
650 _aEtapa de desenvolvimento da Planta
650 _aMaturacao
650 _aBahia
773 0 _tAnais do 5. Congresso Brasileiro de Fruticultura, v. 2
_wF03 BR9400719
_gPelotas, RS (Brasil), 1979. 693-697 p.
909 _a202404
_bLucia
_c55
_dLucia Elande
942 _cAM
_2AGRIS
999 _c322843
_d322843